00767nam a2200181 i 450000100060000000300090000600500170001500700030003200800410003511000530007624501460012926000300027530000380030561000670034385200320041099900170044295201260045983219ES-MaACL20230906174808.0t|041116s1962 sp ||||1| spa d2 aInstituto Nacional de Industria (España)9395310aResumen sobre finalidades y actuación del Instituto Nacional de Industria y de las empresas en que participa hasta 31 de diciembre de 1960. aMadrid : b[s.n., c1962] aXVI, 472 p., 75 lám. ; c28 cm.24aInstituto Nacional de Industria (España)-vMemorias.9170432 aES-MaACLjC-22349 bR.50493 c83219d83219 00104070aATENEOMbATENEOMcGaleríad2008-01-17eSCl0oC-22349p1086978r2023-02-23 00:00:00w2023-02-23yMONOGRAFIA